Normal view
MARC view
Entry Término temático
001 - NÚMERO DE CONTROL
- campo de control: 35735
003 - IDENTIFICADOR DEL NÚMERO DE CONTROL
- campo de control: OSt
005 - FECHA Y HORA DE LA ÚLTIMA TRANSACCIÓN
- campo de control: 20200615033509.0
008 - DATOS DE LONGITUD FIJA
- campo de control de longitud fija: 200615|| aca||aabn | a|a d
040 ## - FUENTE DE LA CATALOGACIÓN
- Centro catalogador/agencia de origen: OSt
- Centro/agencia transcriptor: OSt
150 ## - ENCABEZAMIENTO--TÉRMINO DE MATERIA
- Término de materia o nombre geográfico como elemento de entrada: FILOSOFÍA LATINOAMERICANA
- Subdivisión general: CONGRESOS,CONFERENCIAS, ETC
670 ## - FUENTE DE DATOS ENCONTRADOS
- Cita de la fuente: Work cat.: (OSt)15410: Congreso Interamericano de Filosofía (13th : 1994 : Universidad de los Andes) 35734, El trabajo filosófico de hoy en el Continente :, 1995.
